| 000 | 00369nam a22001457a 4500 | ||
|---|---|---|---|
| 020 | _qPB. | ||
| 040 | _cFIZZA ISHAQ | ||
| 082 |
_a810.8 _bNin |
||
| 100 |
_aBAYM,NINA. _9134050 |
||
| 245 |
_aTHE NORTON ANTHOLOGY OF AMERICAN LITERATURE / _cNINA BAYM. |
||
| 250 | _a7th ED. | ||
| 260 |
_aNEW YORK ; _bNORTON, _c2007. |
||
| 300 |
_a3264 P. ; _c9.4X6.1IN |
||
| 942 |
_2ddc _cBK |
||
| 999 |
_c616978 _d616978 |
||